00758nam a22001697a 4500003000900000008004100009040007100050082001800121100002500139245014700164260003100311300002800342505016400370650002200534650001600556650001600572AR-CdUCM190516b ||||| |||| 00| 0 spa d aMUNICIPALIDAD PROVINCIAL DEL CUSCOcBIBLIOTECA MUNICIPAL DEL CUSCO a370.30 /bL96 aLuna Arroyo, Antonio aComo se enseña las ciencias sociales :bEl concepto y la técnica de la enseñanza del civismo sus principales problemas pedagógicos /  aMéxico :bAteneo,c1945. a183 páginas :c21 cm. aContenido : El desconcierto pedagógico acerca de la esencia y método de civismo -- Necesidad urgente de señalar el campo del civismo y su técnica ...  aCiencias sociales aEnseñanza aAprendizaje